000 00747nam a22001817a 4500
999 _c14972
_d14972
003 OSt
082 _2664 AMU/EF
088 _aP 338
100 _aAMULYA P.R
_aNUSAIBA C
_aSREESHA K.R
_aRIFNA E.J
_93849
245 _aEffect of modified atmosphere packaging and edible wax coating on shelf life of mango
260 _aTavanur 2016
_bDepartment of Food and Agricultural Process Engineering
300 _a85
500 _aEffect of modified atmosphere packaging and edible wax coating on shelf life of mango
520 _aEffect of modified atmosphere packaging and edible wax coating on shelf life of mango
700 _aDr. Sudheer K.P (Guide)
_93850
856 _uhttps://drive.google.com/open?id=1_izemZh82D_solnX8Nw9jVTjKvXx1knI
942 _cPR